Statistics for Random Trivia Quiz #3

Click here to take the quiz!

General Stats

  • This quiz has been taken 23 times
  • The average score is 5 of 24

Answer Stats

HintAnswer% Correct
Most famous Greek autor of fablesAesop
57%
Country in Europe which have produced mathematican Leonard Euler, tenis player Roger Federer and philosopher JJ RousseauSwitzerland
52%
The year when Pulp Fiction was released and footballer Andrés Escobar was killed in Medellin1994
43%
Elements furtest to the right in the Periodic TableNoble Gas
43%
Part of a former country which went through a massive genocide during WW1Armenia
38%
Most recognizable character in Harper Lee's best sellerAtticus Finch
38%
Only island in the world with three countries on itBorneo
38%
Former dictator of Uganda, the insperation behind the movie "Last king of Scotland"Idi Amin
38%
A special cooking technique when the food is quickly heated in a pan together with an alcoholeFlambé
33%
American gymnast who won a gold medal at the 2016 Olympic games in individual all-aroundSimone Biles
29%
Another word for Manchester United's stadium "Old Trafford"Theatre of Dreams
24%
Italian opera composer which works contains Aida, Nabucco and RigolettoGiuseppe Verdi
19%
Movie during WW2 from 2007, starring James McAvoy and Keira KnightleyAtonement
14%
Jewish queen married to Persian king Xerxes, her name is also the title of book in the Old TestamentEsther
14%
Only goddess in Greek Mythology not mentioned in a text, firstborn child of Cronos and RheaHestia
14%
Word that seems to be the hardestSorry
14%
Swedish Queen nicknamed "Minerva of the North" for her intrest in culture, inviting diffrent scientistsChristina
10%
Someone whom "no one's gonna save you from"The beast about to strike
5%
Largest city and capital of Henan province in ChinaZhengzhou
5%
The first letter in a multitude of languages used in set theoryAleph
0%
Gulf that conects the Red Sea and the Indian OceanBay of Aden
0%
Island in the Caribbean where Alexandre Dumas father and Napoleons Bonapartes first wife came fromHispanola
0%
English word which means "to be filled with bewilderment"Nonplussed
0%
Mathematical function discoverd by Berhand Riemann, base for one of the Millenium ProblemsRiemann's Zeta Function
0%

Score Distribution

Percentile by Number Answered

Percent of People with Each Score

Your Score History

You have not taken this quiz